000 00721na a2200241 4500
001 16475
003 MIRAKIL
005 20181213154819.0
008 161007b tu 000 0
020 _a9789944557443
035 _a16475
040 _aMilas
_btur
_cTR-AnCHP
082 _a956.214
_bO75 2011
090 _a956.214 O75 2011
245 _aOsmanlı arşiv belgelerinde Muğla
_chaz. Kemal Gurulkan, Mehmet Kudret Kirişçioğlu
260 _aMuğla
_bMuğla Belediyesi Kültür ve Tanıtım yayınları
_c2011
300 _a119 s.
_c21 sm.
490 _aTarih Dizisi
_v4
651 _aMuğla
_xTarih
_yBelgeler
700 _aKirişçioğlu, Mehmet Kudret
700 _aGurulkan, Kemal
942 _2ddc
_cBKS
999 _c1314
_d1314